| 000 | 01282cab a22002295a 4500 | ||
|---|---|---|---|
| 001 | L142049 | ||
| 008 | 080122e20080119xxk f 000 0 eng d | ||
| 035 | _a(Sirsi) u142049 | ||
| 041 | 0 | _aeng | |
| 100 | 1 | _aChowings, Julia | |
| 245 | 0 | 0 | _aPlease mind the gap |
| 260 | _c2008 | ||
| 490 |
_aEstates Gazette _v(0802) 19 January 2008, 142-143(2) |
||
| 520 | _aArgues that due to shortcomings, planning reforms introduced in 2004 have not had the desired effect. Offers practical suggestions to overcome the problem caused by this. Most local planning authorities (LPAs) have failed to prepare and adopt policies driven by the system of local development frameworks, a target which should have been met before October 2007. The required fundamental shift in thinking has not been embraced by LPAs or developers, with many unwilling to learn from their own mistakes under the new system. Complications with regional spatial strategies, lack of resources and other concerns have led to a policy gap. | ||
| 590 | _aKA | ||
| 650 | 2 | 4 | _aPLANNING AND COMPULSORY PURCHASE ACT 2004 |
| 650 | 2 | 4 | _aPLANNING WHITE PAPER 2007 |
| 651 | 4 |
_aUnited Kingdom _y |
|
| 690 | _aENVIRONMENTAL AND LAND CONSULTANCY-PLANNING AND DEVELOPMENT-PLANNING REFORM | ||
| 700 | 1 | _aSchutz, Megan | |
| 942 | _n0 | ||
| 999 |
_c79714 _d79714 |
||